Guess the restauraunt based on the review - Statistics

General Stats
  • This quiz has been taken 17 times
  • The average score is 4 of 6
Answer Stats
Picture Answer % Correct
Starbucks
100%
McDonald's
88%
Wendy's
63%
Chick-Fil-A
50%
Waffle House
38%
Chili's
13%
No matching quizzes found
Score Distribution
Percent of People with Each Score
Percentile by Number Answered
Your Score History
You have not taken this quiz